000 00616nam a2200181 i 4500
001 49704
003 ES-MaACL
005 20230906162040.0
007 t|
008 030722s1950 sp ||||1| spa d
100 1 _aCoulson, Charles Alfred.
_941243
245 1 0 _aElectricidad /
_cpor Charles Alfred Coulson ; versión castellana de la 2ª edición inglesa al cuidado de Juan Lorenzo de Navascués.
250 _a[2ª ed.].
260 _aMadrid :
_bDossat,
_c[1950] (
_fNuevas Gráficas)
300 _aXV, 278 p. ;
_c22 cm.
700 1 _aNavascués, Juan Lorenzo de.
_985215
852 _aES-MaACL
_jC-10333
_bR.38760
999 _c49704
_d49704